000 00815nam a2200217 i 4500
001 177877
003 ES-MaACL
005 20251220171941.0
008 110504s1959 mx d |||| | spa d
080 _a530.12
100 1 _aStevens, Stanley Smith.
_9146360
245 1 3 _aLa medición y el hombre /
_cS. S. Stevens.
260 _aMéxico :
_bUniversidad Nacional de México,
_c1959.
300 _ap. 391-410 :
_bgráf. ;
_c21 cm.
490 1 _aSeminario de Problemas Científicos y Filosóficos. Suplementos ;
_v2ª serie ;
_v19
650 0 4 _aMedición.
_9146361
710 2 _aUniversidad Nacional Autónoma de México.
_97397
830 0 _aSeminario de Problemas Científicos y Filosóficos. Suplementos
_v2ª serie ;
_v19
_9190619
852 _aES-MaACL
_j2297-F-26
_xOlim P-902
999 _c177877
_d177877